| 000 | 00929nam a2200289 i 4500 | ||
|---|---|---|---|
| 003 | DO-SdBNP | ||
| 005 | 20240301180540.0 | ||
| 006 | a||||gr|||| 00| 0 | ||
| 007 | ta | ||
| 008 | 231005t2013 sp ||||| |||| 00| e spa d | ||
| 020 | _a9788483197875 | ||
| 040 |
_aDO-SdBNP _bspa _cBNPHU _erda |
||
| 082 | 4 |
_222 _bM392a |
|
| 100 | 1 |
_aMarx, Karl, _d1818-1883 _eautor _930439 |
|
| 245 | 1 | 3 |
_aEl arma de la crítica. / _cKarl Marx; edición, Joaquín Sempere |
| 246 | 1 | 4 |
_aAntología de Marx: _bel arma de la crítica. |
| 264 |
_aMadrid, España : _bCatarata, _c2013 |
||
| 300 |
_a166 páginas ; _c21 cm. |
||
| 336 |
_2rdacontent _atexto _btxt |
||
| 337 |
_2rdamedia _asin mediación _bn |
||
| 338 |
_2rdacarrier _avolumen _bnc |
||
| 490 |
_aCásico del Pensamiento Crítico ; _v23 |
||
| 504 | _aBibliografía: páginas 165- 166 | ||
| 590 | _aInventariado 2023 / MF | ||
| 700 | 1 |
_aSempere, Joaquín, _eeditor _984403 |
|
| 942 |
_2ddc _cLBS1 |
||
| 999 |
_c55095 _d55095 |
||